000 00606nam a2200229Ia 4500
003 OSt
005 20221007070922.0
006 a|||||r|||| 00| 0
007 ta
008 221006b |||||||| |||| 00| 0 eng d
024 _a9,305
037 _cReference Collections
040 _aFLL
_cFLL
_beng
041 _2eng
_aeng
082 _aZ:(P:7), P1
100 _aMony K. Au.
_9685499
245 0 _aLegal drafting
260 _aKerala
_bUsha publications India
_c2001
300 _a754p
_ccm.
942 _hZ:(P:7), P1
_cREF
_2CC
999 _c1141874
_d1141874